| 000 | 00346nam a22001337a 4500 | ||
|---|---|---|---|
| 008 | 230620b xxu||||| |||| 00| 0 eng d | ||
| 020 | _a9291422096 | ||
| 082 |
_a323.02 _bIPU |
||
| 110 |
_bIPU _cGeneva _d2004 |
||
| 245 |
_aParliamentary Human Rights Bodies _bWorld Directory 2004 |
||
| 260 |
_aGaneva _bIPU _c2004 |
||
| 300 | _a268p | ||
| 942 |
_2ddc _cBK |
||
| 999 |
_c1824 _d1824 |
||